000 00640nam a2200217 a 4500
999 _c2929
_d2929
001 2929
003 BD-JhCC
005 20171108165644.0
008 171108s1380 bg |||| ||a| 000 0 ben d
035 _a(BD-JhCC)2929
040 _aBD-JhCC
_dBD-JhCC
041 _aben
082 _a891.443
_bOSM 1380
100 _a ওসমান, শওকত
245 _aনেকড়ে অরণ্য /
_c শওকত ওসমান
260 _aঢাকা :
_bআদিল ব্রদার্স এ্যাণ্ড কোঃ,
_c1980.
300 _a85 p. :
_c22 cm.
650 _aBengali Novel
942 _2ddc
_cBK